| 000 | 00852nam a2200229 i 4500 | ||
|---|---|---|---|
| 001 | 124836 | ||
| 003 | ES-MaACL | ||
| 005 | 20230906192515.0 | ||
| 007 | t| | ||
| 008 | 070420s1931 sp |||| | spa d | ||
| 100 | 1 |
_aJiménez, Inocencio. _966409 |
|
| 245 | 1 | 3 |
_aLa obra de los Homenajes a la Vejez / _cpor Inocencio Jiménez. |
| 260 |
_aMadrid : _b[s.n.], _c1931 ( _fOfic. Tip. del Instituto Nacional de Previsión) |
||
| 300 |
_a56 p. ; _c21 cm. |
||
| 490 | 1 |
_aPublicaciones del Instituto Nacional de Previsión ; _v254 |
|
| 610 | 2 | 4 |
_aPatronato de Homenajes a la Vejez. _9169027 |
| 650 | 0 | 4 |
_aAncianos- _zEspaña- _xSituación social. _99810 |
| 710 | 2 |
_aInstituto Nacional de Previsión (España) _95180 |
|
| 830 | 0 |
_aPublicaciones del Instituto Nacional de Previsión ; _v254 _9181151 |
|
| 852 |
_aES-MaACL _jC-12629(4) |
||
| 999 |
_c124836 _d124836 |
||